|
|
|
|
| LEADER |
00000nab a2200000 a 4500 |
| 001 |
vtls000783767 |
| 003 |
SK-MaSNL |
| 005 |
20260304113800.0 |
| 008 |
250429c2001 xo 0 slo |
| 015 |
|
|
|a SNBRB2002/02-04658
|
| 035 |
|
|
|a CLN000135449
|
| 035 |
|
|
|a urn:nbn:sk:snk-abnal
|
| 035 |
|
|
|a (urnnbn)urn:nbn:sk:snk:ar-a04w2h
|
| 035 |
|
|
|a (uuid)763db52c-a6f8-4760-8a17-e44a068f93c8
|
| 040 |
|
|
|a SNKBUCL
|b slo
|c SNKBUCL
|e AACR2
|
| 041 |
0 |
|
|a slo
|
| 044 |
|
|
|a xo
|c SK
|
| 080 |
|
|
|a 556-051
|2 1997
|
| 080 |
|
|
|a 929 Bujalka, Pavol
|2 1997
|
| 100 |
1 |
|
|a Hanzel, V.
|4 aut
|9 1252766
|
| 245 |
1 |
0 |
|a Ing. Pavol Bujalka - jubiluje
|c V. Hanzel
|
| 600 |
1 |
7 |
|a Bujalka, Pavol,
|d 1931-2012
|2 snkbucl
|9 41558
|
| 655 |
|
7 |
|a články z novín a časopisov
|2 snkbucl
|9 267496
|
| 773 |
0 |
|
|t Podzemná voda
|g Roč. 7, č. 2 (2001), s. 191-192
|x 1335-1052
|
| 850 |
|
|
|a Slovenská národná knižnica
|
| 852 |
|
|
|a Slovenská národná knižnica
|
| 954 |
|
|
|a odborná, vedecká literatúra pôvodná (slovenská)
|2 lita
|
| 958 |
|
|
|a article27
|
| 958 |
|
|
|a SK
|
| 958 |
|
|
|a BX
|
| 958 |
|
|
|a OND
|
| 958 |
|
|
|a EUIPO
|
| 999 |
|
|
|c 2870761
|d 2872691
|